Statistics for IGN's Top 100 Games (2021)

Click here to take the quiz!

General Stats

  • This quiz has been taken 186 times
  • The average score is 43 of 100

Answer Stats

HintAnswer% Correct
7Super Mario 64
91%
21Super Mario Bros.
91%
11Super Mario Bros. 3
91%
2Super Mario World
91%
68Super Mario World 2: Yoshi's Island
91%
4The Legend of Zelda: A Link to the Past
84%
1The Legend of Zelda: Breath of the Wild
84%
34The Legend of Zelda: Ocarina of Time
84%
66Grand Theft Auto: San Andreas
83%
12Grand Theft Auto V
83%
63Call of Duty 4: Modern Warfare
77%
44Final Fantasy VI
69%
98Final Fantasy VII
69%
30Final Fantasy XIV
69%
25God of War
64%
33Minecraft
64%
28Tetris
64%
31Half-Life
63%
9Half-Life 2
63%
26Half-Life: Alyx
63%
15Halo 2
63%
32Halo: Combat Evolved
63%
37Red Dead Redemption
61%
8Red Dead Redemption 2
61%
41The Elder Scrolls V: Skyrim
61%
17The Last of Us
61%
38The Last of Us Part 2
61%
57Uncharted 2: Among Thieves
60%
29Doom
57%
72Mario Kart 8 Deluxe
57%
43Pokémon Yellow
56%
84Resident Evil 2 (Remake)
56%
40Resident Evil 4
56%
42Metroid Prime
51%
5Super Metroid
51%
94Fallout 2
50%
45Fallout: New Vegas
50%
23Portal
50%
3Portal 2
50%
47World of Warcraft
50%
79Fortnite
49%
97Assassin's Creed IV: Black Flag
47%
71Donkey Kong
47%
22Street Fighter II
47%
46Star Wars: Knights of the Old Republic
44%
76Super Smash Bros. Ultimate
44%
80Dark Souls
43%
77GoldenEye 007
43%
48StarCraft
43%
24Chrono Trigger
41%
36Metal Gear Solid
41%
27Metal Gear Solid 3: Snake Eater
41%
82Mortal Kombat 11
40%
56Overwatch
39%
81Persona 5 Royal
39%
16The Witcher 3: Wild Hunt
39%
19Bloodborne
36%
70The Sims 3
36%
61Batman: Arkham City
34%
52Counter-Strike 1.6
34%
93League of Legends
34%
67Silent Hill 2
33%
14Castlevania: Symphony of the Night
31%
6Mass Effect 2
31%
49Diablo II
30%
20Undertale
30%
18BioShock
29%
73Dota 2
29%
62Rise of the Tomb Raider
29%
92Mega Man 3
27%
39Shadow of the Colossus
27%
86Tony Hawk's Pro Skater 2
24%
91Animal Crossing: New Horizons
21%
51Left 4 Dead 2
21%
35Sid Meier's Civilization IV
21%
89SimCity 2000
21%
95Burnout 3: Takedown
20%
53Ms. Pac-Man
20%
90Thief II: The Metal Age
20%
100Borderlands 2
19%
54Hollow Knight
19%
85Monster Hunter: World
19%
65XCOM 2
19%
50EarthBound
17%
13Hades
17%
69Splinter Cell: Chaos Theory
17%
96Monkey Island 2: LeChuck's Revenge
16%
83System Shock 2
16%
58Journey
14%
60Dishonored 2
13%
55Apex Legends
11%
75Spelunky 2
11%
59The Witness
11%
10Disco Elysium
10%
78Fable 2
9%
99Divinity: Original Sin 2
7%
88Inside
7%
87Titanfall 2
6%
64Control
3%
74Return of the Obra Dinn
3%

Score Distribution

Percentile by Number Answered

Percent of People with Each Score

Your Score History

You have not taken this quiz